000 00250nam a22001217a 4500
008 170531b xxu||||| |||| 00| 0 eng d
041 _aeng
080 _a94
100 _a17
101 _aSHH
245 _aCIVILASITION
_cCLARK.K
942 _2udc
_cBK
999 _c15116
_d15116